000
00306nam a22001337a 4500
008
170524b xxu||||| |||| 00| 0 eng d
020
_a
0835955842
041
_a
eng
080
_a
62
100
_a
26
101
_a
IM
245
_a
POWER CONTROL WITH SOLID STATE DEVICES
_c
GOTTLIEB, I.M
942
_2
udc
_c
BK
999
_c
14040
_d
14040